Aab-e-hayat (Record no. 71)
| 000 -LEADER | |
|---|---|
| fixed length control field | 00491nam a2200181Ia 4500 |
| 003 - CONTROL NUMBER IDENTIFIER | |
| control field | LDD |
| 008 - FIXED-LENGTH DATA ELEMENTS--GENERAL INFORMATION | |
| fixed length control field | 181101s9999 xx 000 0 und d |
| 020 ## - INTERNATIONAL STANDARD BOOK NUMBER | |
| International Standard Book Number | 8187666870 |
| Terms of availability | 150.00 |
| 040 ## - CATALOGING SOURCE | |
| Transcribing agency | LDD |
| 100 ## - MAIN ENTRY--PERSONAL NAME | |
| Personal name | Ulema Maulan, Shamsul |
| 245 #0 - TITLE STATEMENT | |
| Title | Aab-e-hayat |
| Statement of responsibility, etc. | Shamsul Ulema Maulan |
| 260 ## - PUBLICATION, DISTRIBUTION, ETC. | |
| Place of publication, distribution, etc. | Delhi |
| Name of publisher, distributor, etc. | Kitabi Duniya |
| Date of publication, distribution, etc. | 2014 |
| 300 ## - PHYSICAL DESCRIPTION | |
| Extent | 472p. |
| 901 ## - LOCAL DATA ELEMENT A, LDA (RLIN) | |
| a | 15919 |
| b | 16-03-2017 |
| 902 ## - LOCAL DATA ELEMENT B, LDB (RLIN) | |
| a | 2839 |
| b | 16-03-2017 |
| c | F |
| d | PIBD |
| e | 8U |
| 903 ## - LOCAL DATA ELEMENT C, LDC (RLIN) | |
| a | 20 |
| b | Reqst by : Mohd. Akbar |
| 942 ## - ADDED ENTRY ELEMENTS (KOHA) | |
| Source of classification or shelving scheme | Dewey Decimal Classification |
| Koha item type | Urdu Books |
| Withdrawn status | Lost status | Source of classification or shelving scheme | Damaged status | Not for loan | Home library | Current library | Cost, normal purchase price | Total Checkouts | Full call number | Barcode | Date last seen | Cost, replacement price | Price effective from | Koha item type |
|---|---|---|---|---|---|---|---|---|---|---|---|---|---|---|
| No | Dewey Decimal Classification | Library and Documentation Division | Library and Documentation Division | 150.00 | 8U1.009 Az11A | UR000032 | 11/01/2018 | 150.00 | 11/01/2018 | Urdu Books |
